000 00775 a2200229 4500
005 20081014123653.0
008 081014t xxu||||| |||| 00| 0 eng d
010 _aENG-91328
020 _a8173414726
_c495.00
035 _aEN-74861
037 _bDBAD / PUB
040 _adpl
_bEnglish
082 _a080
100 _aJoginder Singh
245 _aDemise of Indian dream /
_cby Joginder Singh
260 _a Delhi
_bIndian Publishers Distributors
_c2008
270 _a156-D, Kamla Nagar,
_cDelhi
_e110007
300 _a276p.
_c22 cm (Hb)
500 _aIncludes index
942 _adpl
_cEN
_2ddc
_mJOG
_h080
999 _c16709
_d16709